Derecho colectivo del trabajo Un panorama general /

Bibliographic Details
Main Author: Neves Mujica, Javier
Format: eBook
Language:Spanish
Published: Lima: Palestra Editores, 2016
Subjects:
Online Access:Acceso restringido

MARC

LEADER 00000nam a22000007a 4500
005 20220825211615.0
007 cr|||| ||||
008 220825s2016 pe |||||s|||| 00||0 spa d
020 |a 9786124218699 
035 |a 36968 
040 |a vLex 
090 |c 13836  |d 13836 
100 1 |a Neves Mujica, Javier 
245 1 0 |a Derecho colectivo del trabajo  |h [Recurso electrn̤ico] :  |b Un panorama general /  |c Javier Neves Mujica 
256 |a Servicio en ln̕ea 
260 |a Lima:  |b Palestra Editores,  |c 2016 
300 |a 1 recurso electrn̤ico 
500 |a Este es un texto de divulgacin̤, que aspira a revisar panorm̀icamente el Derecho Colectivo del Trabajo a travš de sus instituciones fundamentales, de una manera clara, ordenada y breve. Pretende ser una herramienta t︢il para que estudiantes y trabajadores cuenten con una primera aproximacin̤ a esta r̀ea. Entre los temas tratados, se desarrollan conceptos bs̀icos como: la sindicacin̤ a partir de las definiciones dadas en el derecho internacional y el peruano, pasando por el comparado latinoamericano; la libertad sindical —en su m̀bito individual y colectivo— y la relevancia de su proteccin̤ en el ordenamiento a efectos de que la misma sea ms̀ una realidad que solo una declaracin̤; la negociacin̤ colectiva y los elementos que la constituyen, sean estos sus sujetos, niveles, contenidos, procedimientos y productos; finalmente, el derecho a la huelga como medio de satisfaccin̤ de intereses colectivos de los trabajadores, tratǹdose de manera especf̕ica sus titulares, fines, modalidades, lm̕ites, ejercicio y efectos. Asimismo, en esta publicacin̤ han sido incluidas —a modo de anexos— normas de vital importancia en el Derecho Colectivo del Trabajo, como el TUO de la Ley de Relaciones colectivas de Trabajo, la Ley de Servicio Civil y sus respectivos reglamentos. 
506 1 |a Disponible solo en los productos indicados  |d vLex Global  |d vLex Global (Academic Edition, excluding Law Schools)  |d vLex Global (U.S. Academic Edition, Law Schools)  |d vLex Global (U.S. Academic Edition, excluding Law Schools)  |d vLex Global (Academic Edition, Law Schools) 
650 0 4 |a Convenios Colectivos  |z Per︢ 
740 0 |a vLex Libros (Servicio en ln̕ea) 
856 4 0 |u https://app.vlex.com/#/sources/36968  |z Acceso restringido 
942 |c BOOK 
999 0 |a Collective agreements